| 000 | 00387nam a2200133 a 4500 | ||
|---|---|---|---|
| 001 | 000033516 | ||
| 005 | 20200930070320.0 | ||
| 008 | 110830s1935 dr 000 0 spa d | ||
| 040 |
_aDO-SdBNP _bspa _cBNPHU |
||
| 245 | 0 | 0 | _aLey y reglamento interior del Archivo General de la Nación. |
| 260 |
_aSanto Domingo : _bTip. Listín Diario, _c1935. |
||
| 300 |
_a16 P. ; _c23 cm. |
||
| 049 | _aBNPD | ||
| 999 |
_c33007 _d33007 |
||